01370nam a2200301Ia 450000500170000000800370001702000180005404100080007208200190008011000130009924000350011224501200014725000190026730000530028649000230033950503250036265000320068765000300071965000450074965000350079465000570082970000330088626400260091933600270094533700330097233800280100504000350103320220317001846.0170410s2016 c g 000 0 s a9789587694802 aspa04aR 344.05bC64c2 aColombia aCódigo nacional de policía10aCódigo nacional de policía y convivenciabconforme con la ley 1801 de 2016banotadocJoséArmando Ruiz Salazar a33a. edición a[509] páginas (en paginación variada)c22 cm aCódigos anotados aLibro primero: disposiciones generales -- Libro segundo: de la libertad, los derechos y deberes de las personas en materia de convivencia -- Libro tercero: medios de policía, medidas correctivas, autoridades de policía y competencias, procedimientos, mecanismos alternativos de solución de desacuerdos o conflictos142LEMBaConvivencia ciudadana142LEMBaPolicíazColombia142LEMBaReglamentos de policíazColombia142LEMBaSolución de conflictos142LEMBaPoder de la PolicíavLegislaciónzColombia1 aRuiz Salazar, José Armando aBogotábLeyerc2016 atextobtxt2rdacontent asin mediaciónbn2rdamedia avolumenbnc2rdacarrier aCO-BoRNBPbspaerdacCO-BoRNBP